[Event "Quebec-ch U10"]
[Site "Montreal CAN"]
[Date "2012.11.25"]
[Round "4"]
[White "Tinica, Gabriel"]
[Black "Yip, Mattew"]
[Result "1-0"]
[WhiteElo "1012"]
[BlackElo "1354"]
[PlyCount "69"]
[GameId "2160767909411260"]
[EventDate "2012.11.23"]
[EventType "swiss"]
[EventRounds "5"]
[EventCountry "CAN"]
[SourceTitle "EXT 2022"]
[Source "ChessBase"]
[SourceDate "2021.10.06"]
[SourceVersion "1"]
[SourceVersionDate "2021.10.06"]
[SourceQuality "1"]

1. d4 d5 2. c4 e6 3. Nf3 c6 4. e3 Nf6 5. cxd5 exd5 6. Nc3 Bg4 7. Be2 Nbd7 8. O-O Bd6 9. Rb1 a5 10. a3 Qe7 11. Qb3 b6 12. Re1 Bf5 13. Ra1 O-O 14. Bd2 Ne4 15. Rad1 b5 16. Rc1 Rfc8 17. Rcd1 Nb6 18. Na2 Nc4 19. Nc1 Bg4 20. Nd3 Bxf3 21. Bxf3 Nexd2 22. Qc2 Nxf3+ 23. gxf3 Qh4 24. f4 Ra7 25. Kh1 Re7 26. Rg1 Re6 27. Rg2 Rg6 28. Rdg1 c5 29. dxc5 Bxc5 30. Nxc5 Rgc6 31. Rxg7+ Kh8 32. R1g4 Qh6 33. Rxf7 Rg8 34. Qc3+ Rf6 35. Rxf6 1-0

[Event "Quebec-ch U10"]
[Site "Montreal CAN"]
[Date "2012.11.25"]
[Round "4"]
[White "Tsypin, Allison"]
[Black "Hamelin, Joey"]
[Result "1-0"]
[WhiteElo "881"]
[BlackElo "895"]
[PlyCount "79"]
[GameId "2160767909411261"]
[EventDate "2012.11.23"]
[EventType "swiss"]
[EventRounds "5"]
[EventCountry "CAN"]
[SourceTitle "EXT 2022"]
[Source "ChessBase"]
[SourceDate "2021.10.06"]
[SourceVersion "1"]
[SourceVersionDate "2021.10.06"]
[SourceQuality "1"]

1. d4 Nf6 2. c4 e6 3. Nf3 d5 4. Bg5 Bb4+ 5. Nc3 c5 6. dxc5 Qa5 7. Bd2 Qxc5 8. cxd5 exd5 9. e3 O-O 10. Be2 Bf5 11. O-O Nc6 12. Na4 Qa5 13. Bxb4 Qxb4 14. a3 Qd6 15. Qb3 b6 16. Rfd1 Rac8 17. Nc3 Na5 18. Nb5 Nxb3 19. Nxd6 Nxa1 20. Nxc8 Rxc8 21. Rxa1 Rc2 22. Bf1 Rxb2 23. Rc1 Ne4 24. Nd4 Bd7 25. Rc7 Be8 26. Rc8 Nd6 27. Rd8 Ra2 28. Rxd6 Rxa3 29. Rd8 Kf8 30. g3 Ke7 31. Rxd5 a5 32. Bb5 a4 33. Re5+ Kd6 34. Rxe8 Ra1+ 35. Kg2 a3 36. Ra8 Kc5 37. Bd3 a2 38. Nb3+ Kb4 39. Nxa1 Kc3 40. Bxh7 1-0

[Event "Quebec-ch U10"]
[Site "Montreal CAN"]
[Date "2012.11.25"]
[Round "5"]
[White "Hamelin, Joey"]
[Black "Guan, Zi Yu"]
[Result "0-1"]
[WhiteElo "895"]
[BlackElo "1065"]
[PlyCount "76"]
[GameId "2160767909411262"]
[EventDate "2012.11.23"]
[EventType "swiss"]
[EventRounds "5"]
[EventCountry "CAN"]
[SourceTitle "EXT 2022"]
[Source "ChessBase"]
[SourceDate "2021.10.06"]
[SourceVersion "1"]
[SourceVersionDate "2021.10.06"]
[SourceQuality "1"]

1. e4 e5 2. Nf3 Nc6 3. Bc4 Bc5 4. c3 Nf6 5. d4 exd4 6. cxd4 Bb4+ 7. Nc3 O-O 8. Bg5 Re8 9. e5 d6 10. Qe2 dxe5 11. dxe5 Bg4 12. Bxf6 Bxc3+ 13. bxc3 Bxf3 14. gxf3 gxf6 15. Rd1 Rxe5 16. Rxd8+ Rxd8 17. Kf1 Rxe2 18. Rg1+ Kf8 19. Kxe2 Re8+ 20. Kd2 Ne5 21. Bd5 c6 22. Be4 f5 23. Rg3 fxe4 24. fxe4 Nc4+ 25. Kd3 Nb2+ 26. Kd4 c5+ 27. Kxc5 Rxe4 28. Kd6 Ra4 29. Kc7 Rxa2 30. Kxb7 a5 31. Rg4 Nd3 32. c4 a4 33. Rg5 Rb2+ 34. Ka6 a3 35. c5 a2 36. c6 a1=Q+ 37. Ra5 Nc5+ 38. Ka7 Qxa5# 0-1

[Event "Quebec-ch U10"]
[Site "Montreal CAN"]
[Date "2012.11.25"]
[Round "5"]
[White "Tsypin, Allison"]
[Black "Ouellet, Maili-Jade"]
[Result "0-1"]
[WhiteElo "881"]
[BlackElo "1390"]
[PlyCount "92"]
[GameId "2160767909411263"]
[EventDate "2012.11.23"]
[EventType "swiss"]
[EventRounds "5"]
[EventCountry "CAN"]
[SourceTitle "EXT 2022"]
[Source "ChessBase"]
[SourceDate "2021.10.06"]
[SourceVersion "1"]
[SourceVersionDate "2021.10.06"]
[SourceQuality "1"]

1. d4 d5 2. c4 e6 3. cxd5 exd5 4. Nf3 Nf6 5. Bg5 Be7 6. Nc3 O-O 7. e3 Bg4 8. Be2 Nbd7 9. O-O c6 10. a3 a5 11. Rc1 Ne4 12. Bxe7 Qxe7 13. Nxe4 dxe4 14. Nd2 Bxe2 15. Qxe2 a4 16. Rc2 c5 17. d5 Ne5 18. Nxe4 b6 19. d6 Qe6 20. Qh5 h6 21. Rd1 Rfd8 22. Rcd2 Nc4 23. Rd5 Qxe4 24. Qf5 Qxf5 25. Rxf5 Nxb2 26. Rd2 Nc4 27. Rd1 Rxd6 28. Rxd6 Nxd6 29. Rd5 Nc4 30. Rd3 Ra5 31. Rd8+ Kh7 32. Rd3 Rb5 33. Kf1 Rb3 34. Rd1 Rb1 35. Re1 Rxe1+ 36. Kxe1 Nxa3 37. Kd1 Nc4 38. Kc2 a3 39. Kb3 b5 40. g3 b4 41. h3 Nd2+ 42. Ka2 c4 43. Ka1 b3 44. f3 b2+ 45. Ka2 b1=Q+ 46. Kxa3 Qb3# 0-1

[Event "Quebec-ch U10"]
[Site "Montreal CAN"]
[Date "2012.11.25"]
[Round "5"]
[White "Yip, Mattew"]
[Black "Zhang, Hou Han"]
[Result "1-0"]
[WhiteElo "1354"]
[BlackElo "1461"]
[PlyCount "84"]
[GameId "2160767909411264"]
[EventDate "2012.11.23"]
[EventType "swiss"]
[EventRounds "5"]
[EventCountry "CAN"]
[SourceTitle "EXT 2022"]
[Source "ChessBase"]
[SourceDate "2021.10.06"]
[SourceVersion "1"]
[SourceVersionDate "2021.10.06"]
[SourceQuality "1"]

1. d4 Nf6 2. c4 c5 3. e3 g6 4. Nc3 Bg7 5. Nf3 O-O 6. Be2 cxd4 7. exd4 d6 8. Bg5 Bg4 9. O-O Nbd7 10. Re1 Rc8 11. b3 Re8 12. h3 Bxf3 13. Bxf3 Qc7 14. Rc1 Qb8 15. Qd2 a6 16. a4 e5 17. d5 Nc5 18. Qc2 h6 19. Bd2 Nh7 20. Bd1 f5 21. f3 Nf6 22. Be3 Ncd7 23. Bf2 Kf7 24. Qb1 Ng8 25. Kh1 Ne7 26. Kg1 Nc5 27. Kh1 Bf6 28. Be3 Rh8 29. Kg1 Bg5 30. Qc2 Bxe3+ 31. Rxe3 f4 32. Re1 Nf5 33. Qb1 Qa7 34. Kh2 Nd7 35. Bc2 Qf2 36. Bxf5 Qg3+ 37. Kg1 gxf5 38. Qxf5+ Nf6 39. Ne4 Qg6 40. Nxd6+ Kg7 41. Qxg6+ Kxg6 42. Nxc8 Rxc8 1-0

[Event "Quebec-ch U12"]
[Site "Montreal CAN"]
[Date "2012.11.23"]
[Round "1"]
[White "Luo, Muhan"]
[Black "Yip, William"]
[Result "0-1"]
[WhiteElo "1386"]
[BlackElo "1642"]
[PlyCount "94"]
[GameId "2160767909411265"]
[EventDate "2012.11.23"]
[EventType "swiss"]
[EventRounds "5"]
[EventCountry "CAN"]
[SourceTitle "EXT 2022"]
[Source "ChessBase"]
[SourceDate "2021.10.06"]
[SourceVersion "1"]
[SourceVersionDate "2021.10.06"]
[SourceQuality "1"]

1. d4 d5 2. c4 e6 3. Nf3 c6 4. Nc3 dxc4 5. e3 b5 6. a4 Bb4 7. Bd2 Bxc3 8. Bxc3 a5 9. d5 Nf6 10. dxc6 b4 11. Qxd8+ Kxd8 12. Bxf6+ gxf6 13. Bxc4 Nxc6 14. Ke2 Ke7 15. Rhd1 Bb7 16. Rac1 Rhd8 17. Bb5 Rac8 18. Bxc6 Rxd1 19. Kxd1 Bxc6 20. b3 Rd8+ 21. Ke2 Rc8 22. Kd2 Rd8+ 23. Ke2 Bd5 24. Rc5 Bxb3 25. Rxa5 Bc4+ 26. Ke1 b3 27. Nd2 b2 28. Ra7+ Rd7 29. Rxd7+ Kxd7 30. Nb1 Bd3 31. Nc3 b1=Q+ 32. Nxb1 Bxb1 33. Kd2 Be4 34. g3 Kc7 35. Kc3 Kb6 36. Kb4 Bc6 37. a5+ Ka6 38. Kc5 Bf3 39. Kb4 Bd1 40. h3 Be2 41. h4 Bd1 42. f4 f5 43. Kc5 Kxa5 44. Kd6 Kb4 45. Ke7 Bh5 46. Kf6 Bg6 47. Kg5 h5 0-1

[Event "Quebec-ch U12"]
[Site "Montreal CAN"]
[Date "2012.11.23"]
[Round "1"]
[White "Saha, Ananda"]
[Black "Zhang, Evan"]
[Result "1-0"]
[WhiteElo "1560"]
[BlackElo "1368"]
[PlyCount "111"]
[GameId "2160767909411266"]
[EventDate "2012.11.23"]
[EventType "swiss"]
[EventRounds "5"]
[EventCountry "CAN"]
[SourceTitle "EXT 2022"]
[Source "ChessBase"]
[SourceDate "2021.10.06"]
[SourceVersion "1"]
[SourceVersionDate "2021.10.06"]
[SourceQuality "1"]

1. d4 Nf6 2. c4 g6 3. Nc3 Bg7 4. e4 d6 5. Nf3 Nbd7 6. Be2 O-O 7. O-O c5 8. d5 Ng4 9. Ne1 Nh6 10. f4 f5 11. Nf3 Bxc3 12. bxc3 fxe4 13. Ng5 Nf6 14. h3 Nf5 15. Kh2 h6 16. Ne6 Bxe6 17. dxe6 Ng7 18. g4 Nxe6 19. f5 gxf5 20. Bxh6 Ng7 21. gxf5 Rf7 22. Rg1 Qe8 23. Bg5 Rd8 24. Bxf6 exf6 25. Bh5 Qe5+ 26. Kh1 Re7 27. Qg4 e3 28. Rg2 Qe4 29. Qg6 d5 30. Qxf6 Rf8 31. Qd6 e2 32. Bxe2 Rxf5 33. Qxc5 Rg5 34. Rag1 b6 35. Qc8+ Re8 36. Qd7 Re7 37. Qd8+ Kh7 38. Bd3 Qxd3 39. Qxe7 Rxg2 40. Rxg2 Qf1+ 41. Kh2 Qf4+ 42. Kg1 Qc1+ 43. Kf2 Qf4+ 44. Ke2 Qxc4+ 45. Kf3 Qxc3+ 46. Qe3 Qf6+ 47. Ke2 Qb2+ 48. Qd2 Qe5+ 49. Kf1 Nf5 50. Kf2 Qe4 51. Rg4 Qh1 52. Qf4 Qb1 53. Qc7+ Kh8 54. Qd8+ Kh7 55. Qg8+ Kh6 56. Qg6# 1-0

[Event "Quebec-ch U12"]
[Site "Montreal CAN"]
[Date "2012.11.23"]
[Round "1"]
[White "Saine, Zachary"]
[Black "Gao, Christine"]
[Result "1/2-1/2"]
[WhiteElo "1437"]
[BlackElo "1296"]
[PlyCount "116"]
[GameId "2160767909411267"]
[EventDate "2012.11.23"]
[EventType "swiss"]
[EventRounds "5"]
[EventCountry "CAN"]
[SourceTitle "EXT 2022"]
[Source "ChessBase"]
[SourceDate "2021.10.06"]
[SourceVersion "1"]
[SourceVersionDate "2021.10.06"]
[SourceQuality "1"]

1. e4 c5 2. Nf3 d6 3. d4 cxd4 4. Nxd4 Nf6 5. Nc3 g6 6. Be3 Bg7 7. f3 O-O 8. Qd2 Nc6 9. O-O-O Nxd4 10. Bxd4 Be6 11. Kb1 Nd7 12. g4 Ne5 13. Be2 a5 14. f4 Nc6 15. Bxg7 Kxg7 16. f5 Bd7 17. h4 h6 18. f6+ exf6 19. Qxd6 Be6 20. Qf4 Qe7 21. Bf3 Ne5 22. Nd5 Bxd5 23. exd5 Rfd8 24. Be4 Qd7 25. g5 Ng4 26. gxh6+ Nxh6 27. Rhg1 f5 28. Bf3 Ng8 29. h5 Qd6 30. Qxf5 Qf6 31. Qxf6+ Kxf6 32. hxg6 fxg6 33. d6 Ra6 34. Bxb7 Raxd6 35. Rxd6+ Rxd6 36. a3 g5 37. Rh1 Kf5 38. Bc8+ Kf4 39. Rf1+ Kg3 40. Rg1+ Kh4 41. b4 axb4 42. axb4 Rd4 43. c3 Rf4 44. Kb2 g4 45. Rxg4+ Rxg4 46. Bxg4 Kxg4 47. b5 Ne7 48. Kb3 Kf5 49. Kb4 Ke6 50. Kc5 Kd7 51. c4 Kc7 52. Kb4 Nc6+ 53. bxc6 Kxc6 54. c5 Kc7 55. Kb5 Kb7 56. c6+ Kc7 57. Kc5 Kc8 58. Kd5 Kc7 1/2-1/2

[Event "Quebec-ch U12"]
[Site "Montreal CAN"]
[Date "2012.11.23"]
[Round "1"]
[White "Saint Cyr, Xavier"]
[Black "Fan, Run Kun"]
[Result "1-0"]
[WhiteElo "1302"]
[BlackElo "1462"]
[PlyCount "99"]
[GameId "2160767909411268"]
[EventDate "2012.11.23"]
[EventType "swiss"]
[EventRounds "5"]
[EventCountry "CAN"]
[SourceTitle "EXT 2022"]
[Source "ChessBase"]
[SourceDate "2021.10.06"]
[SourceVersion "1"]
[SourceVersionDate "2021.10.06"]
[SourceQuality "1"]

1. e4 c5 2. Nf3 g6 3. d4 cxd4 4. Nxd4 Bg7 5. Be3 Nc6 6. c3 Nf6 7. f3 d5 8. exd5 Nxd5 9. Bf2 O-O 10. Bb5 Nxd4 11. Bxd4 e5 12. Bf2 Be6 13. O-O Qe7 14. Nd2 Rad8 15. Qc2 a6 16. Ba4 Nf4 17. Ne4 Nd3 18. Bb6 f5 19. Bxd8 Rxd8 20. Nf2 Nf4 21. Bb3 Bh6 22. Bxe6+ Nxe6 23. Rad1 Be3 24. Kh1 Rc8 25. Qb3 Kh8 26. Nd3 Nf4 27. Nxf4 Bxf4 28. g3 Be3 29. Qd5 Qc7 30. Qd6 f4 31. Qxc7 Rxc7 32. gxf4 exf4 33. Rd8+ Kg7 34. Rfd1 b6 35. R8d7+ Rxd7 36. Rxd7+ Kh6 37. Ra7 a5 38. Rb7 g5 39. b4 axb4 40. cxb4 Kg6 41. a4 h5 42. h3 Kf5 43. a5 bxa5 44. bxa5 g4 45. Rb5+ Kg6 46. hxg4 hxg4 47. fxg4 Kf6 48. a6 Kg6 49. Ra5 Ba7 50. Kg2 1-0

[Event "Quebec-ch U12"]
[Site "Montreal CAN"]
[Date "2012.11.23"]
[Round "1"]
[White "Tinica, Sabina"]
[Black "Yang, Eddie"]
[Result "0-1"]
[WhiteElo "1110"]
[BlackElo "1414"]
[PlyCount "68"]
[GameId "2160767909411269"]
[EventDate "2012.11.23"]
[EventType "swiss"]
[EventRounds "5"]
[EventCountry "CAN"]
[SourceTitle "EXT 2022"]
[Source "ChessBase"]
[SourceDate "2021.10.06"]
[SourceVersion "1"]
[SourceVersionDate "2021.10.06"]
[SourceQuality "1"]

1. d4 Nf6 2. c4 e6 3. Nf3 d5 4. Bg5 Be7 5. Nc3 c6 6. e3 O-O 7. cxd5 exd5 8. Be2 h6 9. Bh4 Be6 10. O-O Nbd7 11. Qc2 Ne8 12. Bxe7 Qxe7 13. a3 Nd6 14. b4 f5 15. Bd3 Ne4 16. Rab1 Ng5 17. Nd2 f4 18. exf4 Rxf4 19. b5 Bh3 20. Rfe1 Qf6 21. f3 Qxd4+ 22. Kh1 Ne5 23. Ne2 Qxd3 24. Qxd3 Nxd3 25. Nxf4 Nxe1 26. gxh3 Nexf3 27. Nxf3 Nxf3 28. bxc6 bxc6 29. Rc1 Ne5 30. Re1 Nc4 31. a4 d4 32. Nd3 Rf8 33. Re4 Ne3 34. Nf4 g5 0-1

[Event "Quebec-ch U12"]
[Site "Montreal CAN"]
[Date "2012.11.23"]
[Round "1"]
[White "Wang, Kelly"]
[Black "Johnson-Constantin, Mathieu"]
[Result "0-1"]
[WhiteElo "1697"]
[BlackElo "1411"]
[PlyCount "74"]
[GameId "2160767909411270"]
[EventDate "2012.11.23"]
[EventType "swiss"]
[EventRounds "5"]
[EventCountry "CAN"]
[SourceTitle "EXT 2022"]
[Source "ChessBase"]
[SourceDate "2021.10.06"]
[SourceVersion "1"]
[SourceVersionDate "2021.10.06"]
[SourceQuality "1"]

1. e4 c5 2. Nf3 d6 3. d4 cxd4 4. Nxd4 Nf6 5. Nc3 g6 6. Be3 Bg7 7. f3 O-O 8. Qd2 Nc6 9. Bc4 Qa5 10. h4 h5 11. O-O-O a6 12. Bb3 Bd7 13. Nde2 Rac8 14. Bh6 b5 15. Qg5 Ne5 16. Bxg7 Kxg7 17. Qd2 Nc4 18. Bxc4 Rxc4 19. Kb1 Rfc8 20. Rc1 Be6 21. Nf4 Rxe4 22. Nxe6+ Rxe6 23. Rhe1 b4 24. Ne4 Nxe4 25. Rxe4 Rxe4 26. fxe4 Rc4 27. Re1 Qc5 28. g3 a5 29. Qe2 Rd4 30. b3 Qc3 31. Rd1 Rxd1+ 32. Qxd1 Qxg3 33. Qd5 Qxh4 34. Qxa5 Qxe4 35. a4 h4 36. Qb6 h3 37. Qg1 Qg2 0-1

[Event "Quebec-ch U12"]
[Site "Montreal CAN"]
[Date "2012.11.24"]
[Round "2"]
[White "Fan, Run Kun"]
[Black "Tinica, Sabina"]
[Result "1-0"]
[WhiteElo "1462"]
[BlackElo "1110"]
[PlyCount "81"]
[GameId "2160767909411271"]
[EventDate "2012.11.23"]
[EventType "swiss"]
[EventRounds "5"]
[EventCountry "CAN"]
[SourceTitle "EXT 2022"]
[Source "ChessBase"]
[SourceDate "2021.10.06"]
[SourceVersion "1"]
[SourceVersionDate "2021.10.06"]
[SourceQuality "1"]

1. e4 c5 2. Nf3 d6 3. d4 cxd4 4. Nxd4 Nf6 5. Nc3 g6 6. Be2 Bg7 7. Be3 O-O 8. O-O Bd7 9. Nb3 Nc6 10. f4 Qc8 11. h3 a6 12. Bf3 Qc7 13. Rf2 Rfd8 14. Rd2 b5 15. a3 Rac8 16. Qe1 Rb8 17. Rad1 Bc8 18. e5 dxe5 19. Rxd8+ Nxd8 20. fxe5 Nd7 21. Bf4 Ne6 22. Bg3 Bxe5 23. Rxd7 Bxg3 24. Rxc7 Bxe1 25. Rxe7 Bxc3 26. Re8+ Kg7 27. bxc3 Nf8 28. Nc5 a5 29. Ne4 Nd7 30. Nd6 Nb6 31. Nxb5 Nd7 32. c4 Ba6 33. Rxb8 Nxb8 34. Bd5 Nd7 35. Kf2 Kf6 36. Ke3 Ke7 37. Nc7 Bc8 38. Kd4 f6 39. c5 Nb8 40. Nb5 Ba6 41. c4 1-0

[Event "Quebec-ch U12"]
[Site "Montreal CAN"]
[Date "2012.11.24"]
[Round "2"]
[White "Johnson-Constantin, Mathieu"]
[Black "Saha, Ananda"]
[Result "0-1"]
[WhiteElo "1411"]
[BlackElo "1560"]
[PlyCount "112"]
[GameId "2160767909411272"]
[EventDate "2012.11.23"]
[EventType "swiss"]
[EventRounds "5"]
[EventCountry "CAN"]
[SourceTitle "EXT 2022"]
[Source "ChessBase"]
[SourceDate "2021.10.06"]
[SourceVersion "1"]
[SourceVersionDate "2021.10.06"]
[SourceQuality "1"]

1. e4 e5 2. d4 exd4 3. Nf3 Nc6 4. Bc4 Bb4+ 5. Bd2 Bxd2+ 6. Qxd2 Qf6 7. O-O Nge7 8. Re1 d6 9. c3 Ne5 10. Nxe5 dxe5 11. cxd4 exd4 12. e5 Qb6 13. Re4 c5 14. b3 O-O 15. Qg5 Qg6 16. Qxg6 Nxg6 17. Nd2 Bf5 18. Ree1 Rae8 19. f4 Be6 20. g3 Ne7 21. Bxe6 fxe6 22. Ne4 b6 23. a4 Nf5 24. a5 Ra8 25. Ng5 Rfe8 26. axb6 axb6 27. Rxa8 Rxa8 28. Nxe6 Ra3 29. Rb1 Ne3 30. b4 d3 31. Kf2 d2 32. Ke2 d1=Q+ 33. Rxd1 Nxd1 34. Kxd1 cxb4 35. Kc1 Ra2 36. h4 Rg2 37. Ng5 Rxg3 38. e6 Re3 39. Kd2 Rc3 40. e7 Rc8 41. Ne4 Re8 42. Nd6 Rxe7 43. Kc2 Re3 44. f5 Rh3 45. h5 Rxh5 46. Kb3 Rh4 47. Nc8 h5 48. Nxb6 Kf7 49. Nd5 Rd4 50. Nc7 h4 51. Ne6 Rg4 52. Nc5 h3 53. Nd7 Rg3+ 54. Kxb4 h2 55. Ne5+ Ke8 56. Nc4 Rg4 0-1

[Event "Quebec-ch U12"]
[Site "Montreal CAN"]
[Date "2012.11.24"]
[Round "2"]
[White "Marsault, Paul"]
[Black "Wang, Kelly"]
[Result "0-1"]
[WhiteElo "924"]
[BlackElo "1697"]
[PlyCount "108"]
[GameId "2160767909411273"]
[EventDate "2012.11.23"]
[EventType "swiss"]
[EventRounds "5"]
[EventCountry "CAN"]
[SourceTitle "EXT 2022"]
[Source "ChessBase"]
[SourceDate "2021.10.06"]
[SourceVersion "1"]
[SourceVersionDate "2021.10.06"]
[SourceQuality "1"]

1. e4 c5 2. Bc4 Nc6 3. Nf3 d6 4. Nc3 Bg4 5. d3 Bxf3 6. Qxf3 Ne5 7. Qd1 Nxc4 8. dxc4 Nf6 9. O-O e6 10. Bg5 Be7 11. Bxf6 Bxf6 12. Qd3 O-O 13. f4 a6 14. Rad1 Rc8 15. Rd2 Bd4+ 16. Kh1 Qc7 17. Rf3 Bxc3 18. bxc3 Rcd8 19. Rh3 e5 20. g3 Rfe8 21. fxe5 dxe5 22. Qe3 Rxd2 23. Qxd2 Rd8 24. Qg5 Qd7 25. Kg2 Qd2+ 26. Qxd2 Rxd2+ 27. Kf3 Rxc2 28. Rh5 Rxc3+ 29. Ke2 f6 30. Rf5 Rxc4 31. Ke3 Rc2 32. Rf2 Rxf2 33. Kxf2 c4 34. Ke3 b5 35. Kd2 b4 36. Kc2 a5 37. Kb2 a4 38. a3 b3 39. Kc3 Kf7 40. h4 g5 41. hxg5 fxg5 42. g4 h5 43. gxh5 g4 44. h6 Kg6 45. h7 Kxh7 46. Kxc4 b2 47. Kb4 b1=Q+ 48. Kxa4 Qxe4+ 49. Ka5 g3 50. a4 g2 51. Ka6 Qxa4+ 52. Kb7 g1=R 53. Kb8 Rg7 54. Kc8 Qa8# 0-1

[Event "Quebec-ch U12"]
[Site "Montreal CAN"]
[Date "2012.11.24"]
[Round "2"]
[White "Serban, Diana"]
[Black "Saine, Zachary"]
[Result "0-1"]
[WhiteElo "1233"]
[BlackElo "1437"]
[PlyCount "68"]
[GameId "2160767909411274"]
[EventDate "2012.11.23"]
[EventType "swiss"]
[EventRounds "5"]
[EventCountry "CAN"]
[SourceTitle "EXT 2022"]
[Source "ChessBase"]
[SourceDate "2021.10.06"]
[SourceVersion "1"]
[SourceVersionDate "2021.10.06"]
[SourceQuality "1"]

1. d4 d5 2. c4 e6 3. Nf3 c6 4. Qc2 Be7 5. Nc3 Nf6 6. Bf4 dxc4 7. a4 Nd5 8. Bg3 Bd7 9. a5 Bb4 10. e3 Bxa5 11. Bxc4 b5 12. Bxd5 cxd5 13. O-O O-O 14. Ne5 a6 15. Nd3 Nc6 16. Nc5 Bxc3 17. Qxc3 a5 18. Rfc1 Rc8 19. Qb3 b4 20. Nb7 Qf6 21. Nxa5 Nxa5 22. Qxb4 Rxc1+ 23. Rxc1 Nc6 24. Qd6 Rd8 25. Be5 Qg6 26. h3 Nxe5 27. dxe5 Qg5 28. f4 Qh4 29. Kh2 Be8 30. Qc7 Rd7 31. Qc6 Qd8 32. Ra1 Ra7 33. Qc1 Rxa1 34. Qxa1 d4 0-1

[Event "Quebec-ch U12"]
[Site "Montreal CAN"]
[Date "2012.11.24"]
[Round "2"]
[White "Yip, William"]
[Black "Saint Cyr, Xavier"]
[Result "1-0"]
[WhiteElo "1642"]
[BlackElo "1302"]
[PlyCount "117"]
[GameId "2160767909411276"]
[EventDate "2012.11.23"]
[EventType "swiss"]
[EventRounds "5"]
[EventCountry "CAN"]
[SourceTitle "EXT 2022"]
[Source "ChessBase"]
[SourceDate "2021.10.06"]
[SourceVersion "1"]
[SourceVersionDate "2021.10.06"]
[SourceQuality "1"]

1. d4 d5 2. c4 e6 3. Nc3 Bb4 4. Nf3 Nf6 5. e3 Nbd7 6. a3 Bxc3+ 7. bxc3 b6 8. cxd5 exd5 9. c4 Bb7 10. Bb2 c6 11. Bd3 c5 12. O-O O-O 13. Rc1 cxd4 14. Bxd4 dxc4 15. Rxc4 Rc8 16. Bxf6 Nxf6 17. Rd4 Qe7 18. a4 Rfd8 19. Rxd8+ Rxd8 20. Qe2 Qa3 21. Rd1 Kh8 22. Ng5 Rd7 23. Bc4 h6 24. Nxf7+ Kh7 25. Rxd7 Nxd7 26. Qd3+ Qxd3 27. Bxd3+ Kg8 28. Nd6 Bc6 29. Bb5 Nb8 30. Nc8 a6 31. Bxc6 Nxc6 32. Nxb6 Nb4 33. Kf1 Kf7 34. Ke2 Ke6 35. Kd2 Kd6 36. Kc3 a5 37. Nc4+ Kc5 38. Nxa5 Nd5+ 39. Kb3 Nf6 40. f3 Nd5 41. Nc4 Nb4 42. g4 Nd3 43. f4 Nf2 44. g5 Ng4 45. h4 hxg5 46. hxg5 g6 47. Ne5 Nxe3 48. Nxg6 Nf5 49. Ne5 Nd4+ 50. Ka3 Nf5 51. Nd7+ Kd6 52. Nf6 Kc5 53. Nh5 Ne7 54. Ng3 Ng8 55. f5 Ne7 56. g6 Ng8 57. Nh5 Kd6 58. f6 Nh6 59. a5 1-0

[Event "Quebec-ch U12"]
[Site "Montreal CAN"]
[Date "2012.11.24"]
[Round "3"]
[White "Gao, Christine"]
[Black "Serban, Diana"]
[Result "1-0"]
[WhiteElo "1296"]
[BlackElo "1233"]
[PlyCount "119"]
[GameId "2160767909411277"]
[EventDate "2012.11.23"]
[EventType "swiss"]
[EventRounds "5"]
[EventCountry "CAN"]
[SourceTitle "EXT 2022"]
[Source "ChessBase"]
[SourceDate "2021.10.06"]
[SourceVersion "1"]
[SourceVersionDate "2021.10.06"]
[SourceQuality "1"]

1. e4 c5 2. Nf3 d6 3. d4 cxd4 4. Nxd4 Nf6 5. Nc3 g6 6. Be3 Bg7 7. f3 O-O 8. Qd2 Nc6 9. O-O-O Nxd4 10. Bxd4 a6 11. g4 b5 12. h4 b4 13. Nd5 Nxd5 14. Bxg7 Kxg7 15. Qxd5 Rb8 16. h5 a5 17. hxg6 hxg6 18. Qd4+ e5 19. Qxd6 Qxd6 20. Rxd6 Be6 21. Kb1 Rfd8 22. Rxd8 Rxd8 23. Bd3 Kf6 24. b3 Rc8 25. Kb2 Kg5 26. a3 f5 27. axb4 axb4 28. Rg1 fxg4 29. fxg4 Rf8 30. c3 Rf3 31. Rd1 bxc3+ 32. Kxc3 Kxg4 33. b4 Bd7 34. Kc4 Kf4 35. b5 Bxb5+ 36. Kxb5 g5 37. Kc4 Rf2 38. Kd5 g4 39. Rf1 Kf3 40. Kxe5 Ke3 41. Rxf2 Kxf2 42. Bf1 Kf3 43. Kf5 Ke3 44. e5 Kd4 45. e6 Kd5 46. e7 g3 47. e8=Q g2 48. Bxg2+ Kd4 49. Qe6 Kd3 50. Qe5 Kc4 51. Qd6 Kc3 52. Qd5 Kc2 53. Qd4 Kb3 54. Qc5 Kb2 55. Qc4 Ka1 56. Qb4 Ka2 57. Ke4 Ka1 58. Kd3 Ka2 59. Kc2 Ka1 60. Qb1# 1-0

[Event "Quebec-ch U12"]
[Site "Montreal CAN"]
[Date "2012.11.24"]
[Round "3"]
[White "Luo, Muhan"]
[Black "Marsault, Paul"]
[Result "1-0"]
[WhiteElo "1386"]
[BlackElo "924"]
[PlyCount "51"]
[GameId "2160767909411278"]
[EventDate "2012.11.23"]
[EventType "swiss"]
[EventRounds "5"]
[EventCountry "CAN"]
[SourceTitle "EXT 2022"]
[Source "ChessBase"]
[SourceDate "2021.10.06"]
[SourceVersion "1"]
[SourceVersionDate "2021.10.06"]
[SourceQuality "1"]

1. d4 d5 2. c4 Nf6 3. Nc3 dxc4 4. e3 Be6 5. Nf3 Nc6 6. Qa4 Qd7 7. Bxc4 Bxc4 8. Qxc4 e6 9. O-O O-O-O 10. Rd1 Bb4 11. a3 Bxc3 12. Qxc3 Ng4 13. b4 Nge5 14. Nxe5 Nxe5 15. Bb2 a6 16. Qc2 Ng6 17. Rac1 h5 18. d5 exd5 19. Rxd5 Qc6 20. Rc5 Qb6 21. Rxc7+ Kb8 22. Bd4 Qd6 23. Bxg7 Rhg8 24. Bd4 Qd5 25. Qc5 Nh4 26. Qa7# 1-0

[Event "Quebec-ch U12"]
[Site "Montreal CAN"]
[Date "2012.11.24"]
[Round "3"]
[White "Saha, Ananda"]
[Black "Saine, Zachary"]
[Result "0-1"]
[WhiteElo "1560"]
[BlackElo "1437"]
[PlyCount "80"]
[GameId "2160767909411279"]
[EventDate "2012.11.23"]
[EventType "swiss"]
[EventRounds "5"]
[EventCountry "CAN"]
[SourceTitle "EXT 2022"]
[Source "ChessBase"]
[SourceDate "2021.10.06"]
[SourceVersion "1"]
[SourceVersionDate "2021.10.06"]
[SourceQuality "1"]

1. d4 d5 2. c4 e6 3. Nc3 c6 4. Nf3 dxc4 5. a4 Bb4 6. e3 b5 7. Bd2 Bxc3 8. Bxc3 a5 9. b4 Na6 10. axb5 cxb5 11. Rxa5 Bd7 12. Qa1 Nc7 13. Rxa8 Qxa8 14. Qxa8+ Nxa8 15. Ne5 Nf6 16. Nxd7 Kxd7 17. Be2 Nb6 18. O-O Ra8 19. Rc1 Ne4 20. Be1 Ra2 21. Bf3 Nd6 22. e4 f5 23. exf5 Nxf5 24. Rd1 Nd5 25. Bxd5 exd5 26. g4 Nh4 27. Bc3 Ra3 28. Rc1 Nf3+ 29. Kg2 Ng5 30. f3 Ne6 31. Kg3 g5 32. Rc2 Nf4 33. h4 Rxc3 34. Rxc3 Ne2+ 35. Kf2 Nxc3 36. hxg5 Na2 37. Ke3 Nxb4 38. Kd2 Nc6 39. f4 Nxd4 40. f5 Nf3+ 0-1